| 000 | 00429nam a22001577a 4500 | ||
|---|---|---|---|
| 003 | OSt | ||
| 008 | 260512b |||||||| |||| 00| 0 eng d | ||
| 082 |
_a633.18 _bT30I |
||
| 100 | _aThakur, Saroj Kumar | ||
| 245 | _aIntegrated Nutrient Management in Rice (Oryza Sativa L.) Under Medium Land Situation | ||
| 260 |
_aPusa, Samstipur _bRAU _c1993 |
||
| 300 | _a91P. | ||
| 502 |
_bMsc. _d1993 |
||
| 650 | _aAgronomy | ||
| 942 |
_2ddc _cT |
||
| 999 |
_c50553 _d50553 |
||